<?xml version="1.0" encoding="UTF-8"?>
<record
    xmlns:xsi="http://www.w3.org/2001/XMLSchema-instance"
    xsi:schemaLocation="http://www.loc.gov/MARC21/slim http://www.loc.gov/standards/marcxml/schema/MARC21slim.xsd"
    xmlns="http://www.loc.gov/MARC21/slim">

  <leader>03247cam a2200337 a 4500</leader>
  <controlfield tag="001">3936005</controlfield>
  <controlfield tag="003">CaAEU</controlfield>
  <controlfield tag="005">20260227114450.0</controlfield>
  <controlfield tag="008">940620s1994    mau      b    000 0 eng  </controlfield>
  <datafield tag="010" ind1=" " ind2=" ">
    <subfield code="a">   94027722</subfield>
  </datafield>
  <datafield tag="015" ind1=" " ind2=" ">
    <subfield code="a">GB95-4494</subfield>
  </datafield>
  <datafield tag="020" ind1=" " ind2=" ">
    <subfield code="a">9780262631594</subfield>
  </datafield>
  <datafield tag="035" ind1=" " ind2=" ">
    <subfield code="a">on1059566407</subfield>
  </datafield>
  <datafield tag="040" ind1=" " ind2=" ">
    <subfield code="a">DLC</subfield>
    <subfield code="b">eng</subfield>
    <subfield code="c">DLC</subfield>
    <subfield code="d">UKM</subfield>
    <subfield code="d">NLC</subfield>
    <subfield code="d">NLGGC</subfield>
    <subfield code="d">BAKER</subfield>
    <subfield code="d">BTCTA</subfield>
    <subfield code="d">YDXCP</subfield>
    <subfield code="d">AEU</subfield>
  </datafield>
  <datafield tag="041" ind1=" " ind2=" ">
    <subfield code="a">English</subfield>
  </datafield>
  <datafield tag="049" ind1=" " ind2=" ">
    <subfield code="a">UABA</subfield>
  </datafield>
  <datafield tag="050" ind1="0" ind2="0">
    <subfield code="a">P90</subfield>
    <subfield code="b">.M26 1994</subfield>
  </datafield>
  <datafield tag="100" ind1=" " ind2=" ">
    <subfield code="a">McLuhan, Marshall,</subfield>
    <subfield code="d">1911-1980.</subfield>
  </datafield>
  <datafield tag="245" ind1="1" ind2="0">
    <subfield code="a">Understanding media </subfield>
    <subfield code="b">: the extensions of man </subfield>
    <subfield code="c">/ Marshall McLuhan ; introduction by Lewis H. Lapham.</subfield>
  </datafield>
  <datafield tag="250" ind1=" " ind2=" ">
    <subfield code="a">First MIT Press ed.</subfield>
  </datafield>
  <datafield tag="260" ind1=" " ind2=" ">
    <subfield code="a">Cambridge, Mass. :</subfield>
    <subfield code="b">MIT Press,</subfield>
    <subfield code="c">1994.</subfield>
  </datafield>
  <datafield tag="300" ind1=" " ind2=" ">
    <subfield code="a">xxiii, 365 p. ;</subfield>
    <subfield code="c">23 cm.</subfield>
  </datafield>
  <datafield tag="504" ind1=" " ind2=" ">
    <subfield code="a">Includes bibliographical references (p. 361-365).</subfield>
  </datafield>
  <datafield tag="505" ind1=" " ind2=" ">
    <subfield code="a">Introduction &#x2014; The Medium Is the Message &#x2014; Media Hot and Cold &#x2014; Reversal of the Overheated Medium &#x2014; The Gadget Lover: Narcissus as Narcosis &#x2014; Hybrid Energy: Les Liaisons Dangereuses &#x2014; Media as Translators &#x2014; Challenge and Collapse: The Nemesis of Creativity &#x2014; The Spoken Word: Flower of Evil? &#x2014; The Written Word: An Eye for an Ear &#x2014; Clothing: Our Extended Skin &#x2014; Housing: New Look and New Outlook &#x2014; Money: The Poor Man&#x2019;s Credit Card &#x2014; Clocks: The Scent of Time &#x2014; The Print: How to Dig It &#x2014; Comics: MAD Vestibule to TV &#x2014; The Printed Word: Architect of Nationalism &#x2014; Wheel, Bicycle, and Airplane &#x2014; The Photograph: The Brothel-without-Walls &#x2014; Press: Government by News Leak &#x2014; Motorcar: The Mechanical Bride &#x2014; Radio: The Tribal Drum &#x2014; Television: The Electric Baedeker &#x2014; Weapons: War and Peace in the Global Village &#x2014; Summary and Conclusions.</subfield>
  </datafield>
  <datafield tag="520" ind1=" " ind2=" ">
    <subfield code="a">The groundbreaking, seminal work that redefined the way we think about communication&#x2014;and the then-emerging phenomenon of mass media.

Marshall McLuhan&#x2019;s classic work Understanding Media was called &#x201C;a timeless analysis of how language, speech, and technology shape human behavior in the era of mass communication&#x201D; by the Wall Street Journal when it was first published in 1964. The book famously anticipated the impact of electronic media and the internet on culture and society, and challenged our assumptions about how and what we communicate. It also coined the well-known phrases &#x201C;the media is the message&#x201D; and &#x201C;the global village,&#x201D; which described, respectively, the hierarchy of media and content and the shrinking of our world due to electronic media.

In the introduction of this edition, esteemed editor and writer Lewis Lapham reevaluated McLuhan&#x2019;s work in the light of technological as well as political and social changes in the latter half of the twentieth century, showing why McLuhan&#x2019;s theories enjoyed the critical influence that they did and how he became one of the prophetic voices of our time.

In an age of constant connectedness, it is all too easy to forget we did not always live our lives immersed in social media and push notifications. This book offers an invaluable glimpse at just how we got here.</subfield>
  </datafield>
  <datafield tag="650" ind1=" " ind2="0">
    <subfield code="a">Mass media</subfield>
    <subfield code="9">5003</subfield>
  </datafield>
  <datafield tag="650" ind1=" " ind2="0">
    <subfield code="a">Communication</subfield>
    <subfield code="9">1216</subfield>
  </datafield>
  <datafield tag="650" ind1=" " ind2="0">
    <subfield code="a">Communication and technology</subfield>
    <subfield code="9">11051</subfield>
  </datafield>
  <datafield tag="700" ind1=" " ind2="0">
    <subfield code="a">Lapham, Lewis.</subfield>
    <subfield code="9">26740</subfield>
  </datafield>
  <datafield tag="942" ind1=" " ind2=" ">
    <subfield code="2">lcc</subfield>
  </datafield>
  <datafield tag="952" ind1=" " ind2=" ">
    <subfield code="0">0</subfield>
    <subfield code="1">0</subfield>
    <subfield code="2">lcc</subfield>
    <subfield code="4">0</subfield>
    <subfield code="7">0</subfield>
    <subfield code="a">TBS</subfield>
    <subfield code="b">TBS</subfield>
    <subfield code="d">2026-02-27</subfield>
    <subfield code="l">0</subfield>
    <subfield code="o">P90 MCL</subfield>
    <subfield code="r">2026-02-27</subfield>
    <subfield code="t">1</subfield>
    <subfield code="w">2026-02-27</subfield>
    <subfield code="y">1</subfield>
    <subfield code="z">SOON AVAILABLE</subfield>
  </datafield>
  <datafield tag="999" ind1=" " ind2=" ">
    <subfield code="c">5361</subfield>
    <subfield code="d">5361</subfield>
  </datafield>
</record>
